[Event "COL-chT sf (Women)"]
[White "Posada Torres, Briggith"]
[Black "Ortegon Villacorte, Linda Daniela"]
[Site "Medellin"]
[Round "5.1"]
[Result "1-0"]
[Date "2024.11.09"]
[WhiteElo "1676"]
[BlackElo "1871"]
[PlyCount "35"]
[EventDate "2024.11.07"]
[EventType "team-swiss"]
[EventRounds "5"]
[EventCountry "COL"]
[SourceTitle "CB49_2024"]
[SourceDate "2024.12.04"]
[SourceVersion "1"]
[SourceVersionDate "2024.12.04"]
[SourceQuality "1"]
[WhiteTeam "Antioquia Junior (W)"]
[BlackTeam "Bogota (W)"]
[WhiteTeamCountry "COL"]
[BlackTeamCountry "COL"]

1. Nf3 Nf6 2. d4 c5 3. c4 e6 4. Nc3 a6 5. e4 cxd4 6. Nxd4 d6 7. Be2 Nc6 8. Be3 Be7 9. 0-0 0-0 10. Qd2 Qc7 11. Rac1 Rd8 12. f4 Bd7 13. Bf3 e5 14. Nde2 Be6 15. Nd5 Bxd5 16. cxd5 Qd7 17. dxc6 bxc6 18. fxe5 1-0

[Event "COL-chT sf (Women)"]
[White "Briceno Suarez, Elisabet"]
[Black "Posada Torres, Briggith"]
[Site "Medellin"]
[Round "2.1"]
[Result "0-1"]
[Date "2024.11.08"]
[WhiteElo "1489"]
[BlackElo "1676"]
[PlyCount "86"]
[EventDate "2024.11.07"]
[EventType "team-swiss"]
[EventRounds "5"]
[EventCountry "COL"]
[SourceTitle "CB49_2024"]
[SourceDate "2024.12.04"]
[SourceVersion "1"]
[SourceVersionDate "2024.12.04"]
[SourceQuality "1"]
[WhiteTeam "Antioquia Sabaneta (W)"]
[BlackTeam "Antioquia Junior (W)"]
[WhiteTeamCountry "COL"]
[BlackTeamCountry "COL"]

1. e4 c6 2. d4 d5 3. exd5 cxd5 4. Nf3 Nc6 5. Be3 Bg4 6. Nbd2 Nf6 7. c3 e6 8. g3 Bd6 9. Bg2 0-0 10. 0-0 Rc8 11. Re1 Qc7 12. Rc1 b5 13. a3 Na5 14. h3 Bh5 15. Qe2 Nc4 16. Nxc4 bxc4 17. g4 Bg6 18. Nd2 Rb8 19. Nf1 Bd3 20. Qd2 Rb3 21. Ra1 Rfb8 22. Ra2 Qb6 23. Bf3 Rxb2 24. Rxb2 Qxb2 25. Qxb2 Rxb2 26. Bc1 Ra2 27. Ne3 Bxa3 28. Bxa3 Rxa3 29. Nd1 Ra1 30. Kg2 Ne4 31. Bxe4 Bxe4+ 32. f3 Bc2 33. Re2 Bxd1 34. Rb2 g6 35. Rb8+ Kg7 36. g5 a5 37. Rb2 Bb3 38. Kg3 a4 39. Kf4 a3 40. Rxb3 cxb3 41. Ke5 Re1+ 42. Kd6 a2 43. Kc5 a1Q 0-1

[Event "Medellin Castro Memorial op-B 31st"]
[White "Posada Torres, Briggith"]
[Black "Molina Navarro, Jeronimo"]
[Site "Medellin"]
[Round "6"]
[Result "1-0"]
[Date "2024.08.10"]
[WhiteElo "1693"]
[BlackElo "1428"]
[PlyCount "55"]
[EventDate "2024.08.07"]
[EventType "swiss"]
[EventRounds "9"]
[EventCountry "COL"]
[SourceTitle "CBM 221 Extra"]
[Source "ChessBase"]
[SourceDate "2024.09.30"]
[SourceVersion "1"]
[SourceVersionDate "2024.09.30"]
[SourceQuality "1"]

1. e4 e5 2. Nf3 Nc6 3. d4 exd4 4. Bc4 Nf6 5. 0-0 Bc5 6. e5 d5 7. Bb5 Ne4 8. Nxd4 Bd7 9. Bxc6 bxc6 10. Be3 Bb6 11. c3 Qe7 12. f3 Nd6 13. Re1 Nc4 14. Bc1 0-0 15. b3 c5 16. bxc4 cxd4 17. cxd4 Ba5 18. Bd2 Bxd2 19. Nxd2 Qh4 20. Nf1 dxc4 21. Ne3 Bb5 22. Qd2 Rfd8 23. Nf5 Qh5 24. g4 Qh3 25. Qg5 g6 26. e6 Re8 27. exf7+ Kxf7 28. Re7+ 1-0

[Event "Medellin Castro Memorial op-B 31st"]
[White "Villada Taborda, Yulian"]
[Black "Posada Torres, Briggith"]
[Site "Medellin"]
[Round "5"]
[Result "1/2-1/2"]
[Date "2024.08.09"]
[WhiteElo "1582"]
[BlackElo "1693"]
[PlyCount "42"]
[EventDate "2024.08.07"]
[EventType "swiss"]
[EventRounds "9"]
[EventCountry "COL"]
[SourceTitle "CBM 221 Extra"]
[Source "ChessBase"]
[SourceDate "2024.09.30"]
[SourceVersion "1"]
[SourceVersionDate "2024.09.30"]
[SourceQuality "1"]

1. d4 Nf6 2. c4 e6 3. Nc3 Bb4 4. Bd2 d5 5. e3 0-0 6. cxd5 exd5 7. Bd3 Re8 8. Nge2 b6 9. Nf4 Bb7 10. 0-0 Nbd7 11. Qb3 Bxc3 12. bxc3 c5 13. Bb5 c4 14. Qb1 a6 15. Bxd7 Nxd7 16. Qf5 Nf6 17. Rfb1 b5 18. a4 Bc6 19. axb5 axb5 20. Be1 Qd6 21. h4 Bd7 1/2-1/2

[Event "Medellin Castro Memorial op-B 31st"]
[White "Hurtado Paez, Andres Jesus"]
[Black "Posada Torres, Briggith"]
[Site "Medellin"]
[Round "3"]
[Result "1-0"]
[Date "2024.08.08"]
[WhiteElo "1899"]
[BlackElo "1693"]
[PlyCount "67"]
[EventDate "2024.08.07"]
[EventType "swiss"]
[EventRounds "9"]
[EventCountry "COL"]
[SourceTitle "CBM 221 Extra"]
[Source "ChessBase"]
[SourceDate "2024.09.30"]
[SourceVersion "1"]
[SourceVersionDate "2024.09.30"]
[SourceQuality "1"]

1. e4 c6 2. d4 d5 3. exd5 cxd5 4. Bd3 Nc6 5. c3 Nf6 6. Nf3 Bg4 7. Nbd2 e6 8. 0-0 Bd6 9. Qe1 Qc7 10. h3 Bh5 11. Bb5 0-0 12. g4 Bg6 13. Qe2 e5 14. Bxc6 bxc6 15. dxe5 Rfe8 16. exd6 Rxe2 17. dxc7 Re7 18. Nb3 Rxc7 19. Bf4 Rcc8 20. Rfe1 h6 21. Ne5 Bh7 22. Nc5 g5 23. Bg3 Kg7 24. Ned7 Nxd7 25. Nxd7 Re8 26. Be5+ Kg6 27. Bd4 Rxe1+ 28. Rxe1 Rc8 29. Ne5+ Kg7 30. Nxc6+ Kf8 31. Nxa7 Rd8 32. b4 Bd3 33. a4 Bc4 34. b5 1-0

[Event "American Continental 18th"]
[White "Sanchez Martinez, Andres Felipe"]
[Black "Posada Torres, Briggith"]
[Site "Medellin"]
[Round "10"]
[Result "1-0"]
[Date "2024.05.31"]
[WhiteElo "1886"]
[BlackElo "1703"]
[PlyCount "53"]
[EventDate "2024.05.24"]
[EventType "swiss"]
[EventRounds "11"]
[EventCountry "COL"]
[SourceTitle "CBM 220 Extra"]
[Source "ChessBase"]
[SourceDate "2024.07.31"]
[SourceVersion "1"]
[SourceVersionDate "2024.07.31"]
[SourceQuality "1"]

1. e4 c6 2. d4 d5 3. exd5 cxd5 4. c4 Nf6 5. Nc3 e6 6. Nf3 Be7 7. Bd3 dxc4 8. Bxc4 Nc6 9. 0-0 0-0 10. Bg5 Nd5 11. Bxe7 Ncxe7 12. Bd3 Ng6 13. Re1 b6 14. Nxd5 exd5 15. Ne5 Bb7 16. Qh5 Re8 17. Re3 Bc8 18. Rae1 Be6 19. f4 Nf8 20. f5 Bd7 21. Qxf7+ Kh8 22. Nxd7 Rxe3 23. Rxe3 Nxd7 24. Re7 Qf8 25. Rxd7 Qxf7 26. Rxf7 Kg8 27. Rd7 1-0

[Event "American Continental Blitz 18th"]
[White "Soto Leguizamon, David Esteban"]
[Black "Posada Torres, Briggith"]
[Site "Medellin"]
[Round "8"]
[Result "1-0"]
[Date "2024.05.29"]
[WhiteElo "1528"]
[BlackElo "1703"]
[PlyCount "73"]
[EventDate "2024.05.29"]
[EventType "swiss (blitz)"]
[EventRounds "9"]
[EventCountry "COL"]
[SourceTitle "CBM 220 Extra"]
[Source "ChessBase"]
[SourceDate "2024.07.31"]
[SourceVersion "1"]
[SourceVersionDate "2024.07.31"]
[SourceQuality "1"]

1. Nf3 Nf6 2. g3 d5 3. Bg2 c6 4. 0-0 Bf5 5. d3 Bg6 6. Nbd2 e6 7. a3 Be7 8. c4 0-0 9. b4 a5 10. bxa5 Rxa5 11. a4 Nbd7 12. Qb3 Nc5 13. Qc2 Qc7 14. Nh4 Rfa8 15. Nxg6 hxg6 16. cxd5 exd5 17. Nb3 Nxb3 18. Qxb3 Nd7 19. Be3 Nc5 20. Bxc5 Bxc5 21. Rfb1 R8a7 22. e3 Be7 23. d4 Bf6 24. Rd1 b5 25. Rdc1 Qd6 26. Ra2 bxa4 27. Qb6 R5a6 28. Qb2 a3 29. Qb3 Bd8 30. Bf1 Rb6 31. Qd3 Rb2 32. Rxb2 axb2 33. Rb1 Ra1 34. Rxb2 Qa3 35. Qxa3 Rxa3 36. Rb8 Kh7 37. Rxd8 1-0

[Event "American Continental 18th"]
[White "Jaramillo, Eduardo Alonso"]
[Black "Posada Torres, Briggith"]
[Site "Medellin"]
[Round "4"]
[Result "0-1"]
[Date "2024.05.26"]
[WhiteElo "1870"]
[BlackElo "1703"]
[PlyCount "128"]
[EventDate "2024.05.24"]
[EventType "swiss"]
[EventRounds "11"]
[EventCountry "COL"]
[SourceTitle "CBM 220 Extra"]
[Source "ChessBase"]
[SourceDate "2024.07.31"]
[SourceVersion "1"]
[SourceVersionDate "2024.07.31"]
[SourceQuality "1"]

1. e4 c6 2. d4 d5 3. e5 c5 4. c3 Nc6 5. Be3 cxd4 6. cxd4 Bf5 7. Bd3 Bxd3 8. Qxd3 e6 9. Ne2 Qb6 10. Nbc3 Bb4 11. 0-0 Nge7 12. a3 Bxc3 13. bxc3 0-0 14. Rfb1 Qc7 15. Qb5 b6 16. c4 dxc4 17. Qxc4 Rac8 18. Rc1 Qd7 19. Qb5 Nd5 20. Qd3 Rc7 21. Nc3 Nxc3 22. Rxc3 Rfc8 23. Qb5 Nb8 24. Qxd7 Nxd7 25. Rxc7 Rxc7 26. Rc1 Rxc1+ 27. Bxc1 Nb8 28. Kf1 Nc6 29. Bb2 Kf8 30. Ke2 Ne7 31. Kd3 Ke8 32. Kc4 a6 33. a4 Kd7 34. Ba3 Nd5 35. g3 Kc6 36. Bc1 b5+ 37. axb5+ axb5+ 38. Kb3 Ne7 39. Ba3 Nf5 40. Kc3 Kd5 41. Bc5 h5 42. Kd3 g5 43. f3 g4 44. fxg4 hxg4 45. Bb6 b4 46. Ba5 Nxd4 47. Bxb4 Nc6 48. Bc3 Nxe5+ 49. Ke3 Ng6 50. Bf6 e5 51. Bd8 f5 52. Bg5 Nh8 53. Bf6 Nf7 54. Be7 Nd6 55. Bg5 Nc4+ 56. Kf2 Kd4 57. Ke2 Ke4 58. Bc1 Na5 59. Bh6 Nb3 60. Kf2 Nd4 61. Bc1 Nf3 62. Kg2 Ne1+ 63. Kf1 Nd3 64. Bd2 Kf3 0-1

[Event "American Continental 18th"]
[White "Lopez Cardona, Diego"]
[Black "Posada Torres, Briggith"]
[Site "Medellin"]
[Round "2"]
[Result "1-0"]
[Date "2024.05.25"]
[WhiteElo "1889"]
[BlackElo "1703"]
[PlyCount "24"]
[EventDate "2024.05.24"]
[EventType "swiss"]
[EventRounds "11"]
[EventCountry "COL"]
[SourceTitle "CBM 220 Extra"]
[Source "ChessBase"]
[SourceDate "2024.07.31"]
[SourceVersion "1"]
[SourceVersionDate "2024.07.31"]
[SourceQuality "1"]

1. d4 Nf6 2. c4 e5 3. dxe5 Ng4 4. Bf4 Nc6 5. Nf3 Bb4+ 6. Nc3 Qe7 7. Qb3 Na5 8. Qc2 Nxc4 9. a3 Bxc3+ 10. Qxc3 Nb6 11. Bg5 f6 12. exf6 gxf6 1-0

[Event "COL-ch U14 Girls"]
[White "Posada Torres, Briggith"]
[Black "Jacome Revelo, Daniela Alexandra"]
[Site "Barranquilla"]
[Round "5"]
[Result "1/2-1/2"]
[Date "2024.04.13"]
[WhiteElo "1485"]
[BlackElo "1624"]
[PlyCount "100"]
[EventDate "2024.04.11"]
[EventType "swiss"]
[EventRounds "7"]
[EventCountry "COL"]
[SourceTitle "CBM 219 Extra"]
[Source "ChessBase"]
[SourceDate "2024.05.31"]
[SourceVersion "1"]
[SourceVersionDate "2024.05.31"]
[SourceQuality "1"]

1. e4 c5 2. c3 Nc6 3. d4 cxd4 4. cxd4 d5 5. e5 g6 6. Nf3 Bg7 7. Nc3 Nh6 8. Bb5 0-0 9. 0-0 Bg4 10. Bxc6 bxc6 11. h3 Bxf3 12. Qxf3 Qb6 13. Rd1 Nf5 14. Qd3 Rfd8 15. Na4 Qb5 16. b3 Qxd3 17. Rxd3 Nxd4 18. Be3 Nc2 19. Rc1 Nxe3 20. fxe3 Rac8 21. Rdc3 Bxe5 22. Rxc6 Rxc6 23. Rxc6 d4 24. exd4 Bxd4+ 25. Kf1 Be5 26. Ke2 Rd6 27. Rxd6 Bxd6 28. Kd3 Bb4 29. Kc4 a5 30. Nb2 Kg7 31. Nd3 Bd2 32. a3 Kf6 33. Nc5 Ke5 34. g3 Be3 35. b4 axb4 36. axb4 Kd6 37. Ne4+ Kc7 38. Nc3 e6 39. Ne4 f5 40. Kd3 Bg1 41. Ng5 e5 42. Nxh7 e4+ 43. Ke2 Kd6 44. Nf8 g5 45. Nh7 Bh2 46. g4 fxg4 47. hxg4 Bf4 48. Nf6 Ke5 49. Nd7+ Ke6 50. Nc5+ Kd5 1/2-1/2

[Event "COL-ch U14 Girls"]
[White "Posada Torres, Briggith"]
[Black "Ruiz Amaya, Valeria Saray"]
[Site "Barranquilla"]
[Round "2"]
[Result "1-0"]
[Date "2024.04.12"]
[WhiteElo "1485"]
[BlackElo "1510"]
[PlyCount "65"]
[EventDate "2024.04.11"]
[EventType "swiss"]
[EventRounds "7"]
[EventCountry "COL"]
[SourceTitle "CBM 219 Extra"]
[Source "ChessBase"]
[SourceDate "2024.05.31"]
[SourceVersion "1"]
[SourceVersionDate "2024.05.31"]
[SourceQuality "1"]

1. e4 e5 2. f4 exf4 3. Nf3 d6 4. d4 Nf6 5. Bd3 Bg4 6. Bxf4 Nc6 7. c3 Qd7 8. a4 Be7 9. Nbd2 d5 10. e5 Nh5 11. Be3 0-0 12. 0-0 f6 13. Qc2 fxe5 14. dxe5 h6 15. Rae1 Qe6 16. h3 Bxf3 17. Nxf3 Nxe5 18. Nxe5 Qxe5 19. Qd2 Ng3 20. Rxf8+ Rxf8 21. Bxh6 Bc5+ 22. Be3 Bd6 23. Bf2 Ne2+ 24. Kf1 Bc5 25. Qxe2 Qh2 26. Qe6+ Kh8 27. Ke2 Rxf2+ 28. Kd1 Qxg2 29. Qe8+ Bf8 30. Qh5+ Kg8 31. Bh7+ Kh8 32. Bg6+ Kg8 33. Qh7# 1-0